| 000 | 01230cam a2200277 i 4500 | ||
|---|---|---|---|
| 003 | SA-RiAUC | ||
| 005 | 20241120143317.0 | ||
| 008 | 241112s2006 le g 00010 ara c | ||
| 040 |
_aKW-ShULA _bara _cSA-RiAUC _erda |
||
| 082 | 0 | 4 | _a227.3 |
| 090 |
_a227.3 _bا ب ن ر |
||
| 100 | 1 |
_aابن رجب، عبد الرحمن بن أحمد بن رجب، _d736-795 هجري _eمؤلف. |
|
| 245 | 1 | 0 |
_aتفسير سورتي النصر والإخلاص / _cتصنيف عبد الرحمن بن أحمد بن رجب الحنبلي ؛ تحقيق وتعليق محمد بن ناصر العجمي. |
| 250 | _aالطبعة الأولى. | ||
| 264 | 1 |
_aبيروت : _bدار البشائر الإسلامية، _c2006 |
|
| 300 |
_a128 صفحة ؛ _c22 سم |
||
| 336 |
_aنص _btxt _2rdacontent _3كتاب |
||
| 337 |
_aبدون وسيط _bn _2rdamedia |
||
| 338 |
_aمجلد _bnc _2rdacarrier |
||
| 630 | 2 | 7 |
_aالقرآن _xتفاسير مأثورة _2aucut |
| 630 | 2 | 7 |
_aالقرآن. _pسورة النصر _xتفاسير _2aucut |
| 630 | 2 | 7 |
_aالقرآن. _pسورة الإخلاص _xتفاسير _2aucut |
| 700 | 1 |
_aالعجمي، محمد بن ناصر _eمحقق. |
|
| 942 |
_2ddc _cBOOK _n0 |
||
| 949 |
_aSA-JeALM _d241112 _umohamedma123 _n1 |
||
| 999 |
_c2604 _d2604 |
||